书目信息 |
| 题名: |
齿轮测量
|
|
| 作者: | 《齿轮测量》编写组编 | |
| 分册: | ||
| 出版信息: | 上海 上海科学技术出版社 1979 |
|
| 页数: | 312页 | |
| 开本: | 19cm | |
| 丛书名: | ||
| 单 册: | ||
| 中图分类: | TG86 , TB9 | |
| 科图分类: | ||
| 主题词: | 齿轮参数测量 , 计量学 | |
| 电子资源: | ||
| ISBN: | ||
| 000 | 00612nam0 2200253 45 | |
| 001 | 0179005301 | |
| 005 | 20040521084001.7 | |
| 010 | @dCNY0.81 | |
| 091 | @a15119.1970 | |
| 100 | @a19950731d1979 em y0chiy0121 ea | |
| 101 | 0 | @achi |
| 102 | @aCN@b310000 | |
| 105 | @ay z 000yy | |
| 106 | @ar | |
| 200 | 10 | @a齿轮测量@Achi lun ce liang@f《齿轮测量》编写组编 |
| 210 | @a上海@c上海科学技术出版社@d1979 | |
| 215 | @a312页@d19cm | |
| 303 | 0 | @a线值计量技术之四 |
| 606 | @a齿轮参数测量 | |
| 606 | 0 | @a计量学 |
| 690 | @aTG86@v3 | |
| 690 | @aTB9 | |
| 801 | 0 | @aCN@bNLC@c20040521 |
| 905 | @f1@b7596@dTB9@e1 | |
| 齿轮测量/《齿轮测量》编写组编.-上海:上海科学技术出版社,1979 |
| 312页;19cm |
| ISBN :CNY0.81 |
| ● |
| 相关链接 |
|
|
|
|
正题名:齿轮测量
索取号:TB9/1
 
预约/预借
| 序号 | 登录号 | 条形码 | 馆藏地/架位号 | 状态 | 备注 |
| 1 | 0007595 | 001361341 | 第二样本阅览室/ [索取号:TB9/1] | 在馆 | |
| 2 | 0007596 | 001361387 | 第三借阅区/ [索取号:TB9/1] | 在馆 |